000 006410000a22001930004500
041 0 _aSPA
082 0 4 _aG 173 S2271f
100 1 _aSanín Velásquez, Álvaro
245 1 0 _aFamilia, terapia y sociedad / Álvaro Sanín Velásquez
260 _aBogotá, Colombia : Univ. Santo Tomás
300 _a156 Pag.
505 0 0 _ala familia -- terapias de grupo -- sociedad
650 1 4 _aPSICOTERAPIA FAMILIAR \ PSICOPATOLOGIA \ ENFERMOS MENTALES - RELACIONES FAMILIARES \ PSICOTERAPIA DE GRUPO
001 1265
942 _cBK
999 _c32588
_d32588
336 _atexto
_btxt
_2rdacontent
337 _2rdamedia
_asin mediación
_bn
338 _2rdacarrier
_avolumen
_bnc